Internationalizing (Record no. 3633)

MARC details
000 -LEADER
fixed length control field 00417nam a22001457a 4500
008 - FIXED-LENGTH DATA ELEMENTS--GENERAL INFORMATION
fixed length control field 250523b |||||||| |||| 00| 0 eng d
020 ## - INTERNATIONAL STANDARD BOOK NUMBER
ISBN 9783030013516
100 ## - MAIN ENTRY--AUTHOR
Author Herbet,, Cristyne.
245 ## - TITLE STATEMENT
Title Internationalizing
260 ## - PUBLICATION, DISTRIBUTION, ETC. (IMPRINT)
Place of publication Switzerland
Name of publisher Spring nature Switzerland AG
Date of publication 2019
300 ## - COLLATION
Pagination XIX, 248P.
650 ## - TRACINGS
Main Subject Curriculum ( courses of study)
Subdivision (1st) Education- curricula
942 ## - ADDED ENTRY ELEMENTS (KOHA)
Item type Books
050 ## - LIBRARY OF CONGRESS CALL NUMBER
Classification number LB2329.5
Item number .I58.
Holdings
Source of classification or shelving scheme Not for loan Permanent location Current location Date acquired Accession No. Full call number Barcode. Koha item type
Library of Congress Classification   Samuel Ogbemudia Main Library, University of Abuja Samuel Ogbemudia Main Library, University of Abuja 05/23/2025 2023/61318 LB2329.5.I58 2025-2117 Books